Tourism and the developing countries / (Record no. 66494)

MARC details
000 -LEADER
fixed length control field 00440nam a22001457a 4500
005 - DATE AND TIME OF LATEST TRANSACTION
control field 20180722111053.0
020 ## - INTERNATIONAL STANDARD BOOK NUMBER
International Standard Book Number 8174452915
Terms of availability 600.00
035 ## - SYSTEM CONTROL NUMBER
System control number B-219778,B-219777, B-219775
037 ## - SOURCE OF ACQUISITION
Stock number DPL
Source of stock number/acquisition ENG
100 ## - MAIN ENTRY--PERSONAL NAME
Personal name Kabia, Sunil K.
245 ## - TITLE STATEMENT
Title Tourism and the developing countries /
Statement of responsibility, etc by Sunil K. Kabia
260 ## - PUBLICATION, DISTRIBUTION, ETC. (IMPRINT)
Place of publication, distribution, etc New Delhi
Name of publisher, distributor, etc Mohit Publications
Date of publication, distribution, etc 2005
300 ## - PHYSICAL DESCRIPTION
Extent v, 300p.
Dimensions 20 cms.
942 ## - ADDED ENTRY ELEMENTS (KOHA)
Source of classification or shelving scheme Dewey Decimal Classification
Item type English Books
Classification part 338.4791
Call number suffix KAB
Holdings
Withdrawn status Lost status Not for loan Collection code Home library Current library Date acquired Cost, normal purchase price Full call number Barcode Cost, replacement price Koha item type Source of acquisition Copy number
      Non-fiction Patel Nagar Patel Nagar 22/07/2018 600.00 338.4791 KAB B-219775 600.00 English Books BPPD/Pub  
      Non-fiction Sarojini Nagar Sarojini Nagar 11/05/2012 600.00 338.4791 KAB B-219778 600.00 English Books    
      Non-fiction Tri Nagar Tri Nagar 12/07/2018 0.00 338.4791 KAB B-219777 0.00 English Books BPPD/pub 1

© Delhi Public Library
Hit Counter
free hit counter